000 00830nam a2200253Ia 4500
003 OSt
005 20220923215132.0
006 a|||||r|||| 00| 0
007 ta
008 220922b |||||||| |||| 00| 0 hin d
024 _a175,907
037 _cTextual
040 _aARTS
_cARTS
_bhin
041 _2hin
_ahin
082 _aO152,1x(/\25)N4, K3
100 _aकालेकर, काका साहब
245 0 _aहिन्दी के जनपद संत
246 _aHindī ke janapad santa
260 _aदिल्ली
_b मातीलाल बनारसीदास
_c1963
300 _a435 पृ.
_ccm.
650 _aहिन्दी कविता
942 _hO152,1x(/\25)N4, K3
_cTEXL
_2CC
999 _c329583
_d329583